<?xml version="1.0" encoding="UTF-8"?><?xml-stylesheet type="text/xsl" href="static/style.xsl"?><OAI-PMH xmlns="http://www.openarchives.org/OAI/2.0/" xmlns:xsi="http://www.w3.org/2001/XMLSchema-instance" xsi:schemaLocation="http://www.openarchives.org/OAI/2.0/ http://www.openarchives.org/OAI/2.0/OAI-PMH.xsd"><responseDate>2026-06-30T20:34:25Z</responseDate><request verb="GetRecord" identifier="oai:docta.ucm.es:20.500.14352/99957" metadataPrefix="marc">https://docta.ucm.es/rest/oai/request</request><GetRecord><record><header><identifier>oai:docta.ucm.es:20.500.14352/99957</identifier><datestamp>2024-02-18T01:19:51Z</datestamp><setSpec>com_20.500.14352_14</setSpec><setSpec>col_20.500.14352_15</setSpec></header><metadata><record xmlns="http://www.loc.gov/MARC21/slim" xmlns:dcterms="http://purl.org/dc/terms/" xmlns:xsi="http://www.w3.org/2001/XMLSchema-instance" xmlns:doc="http://www.lyncode.com/xoai" xsi:schemaLocation="http://www.loc.gov/MARC21/slim http://www.loc.gov/standards/marcxml/schema/MARC21slim.xsd">
   <leader>00925njm 22002777a 4500</leader>
   <datafield ind2=" " ind1=" " tag="042">
      <subfield code="a">dc</subfield>
   </datafield>
   <datafield ind2=" " ind1=" " tag="720">
      <subfield code="a">Vivas Balcones, Luis David</subfield>
      <subfield code="e">author</subfield>
   </datafield>
   <datafield ind2=" " ind1=" " tag="720">
      <subfield code="a">García Rubira, Juan Carlos</subfield>
      <subfield code="e">author</subfield>
   </datafield>
   <datafield ind2=" " ind1=" " tag="720">
      <subfield code="a">Bernardo, Esther</subfield>
      <subfield code="e">author</subfield>
   </datafield>
   <datafield ind2=" " ind1=" " tag="720">
      <subfield code="a">Angiolillo, Dominick J.</subfield>
      <subfield code="e">author</subfield>
   </datafield>
   <datafield ind2=" " ind1=" " tag="720">
      <subfield code="a">Martín, Patricia</subfield>
      <subfield code="e">author</subfield>
   </datafield>
   <datafield ind2=" " ind1=" " tag="720">
      <subfield code="a">Calle Pascual, Alfonso Luis</subfield>
      <subfield code="e">author</subfield>
   </datafield>
   <datafield ind2=" " ind1=" " tag="720">
      <subfield code="a">Núñez Gil, Iván</subfield>
      <subfield code="e">author</subfield>
   </datafield>
   <datafield ind2=" " ind1=" " tag="720">
      <subfield code="a">Macaya Miguel, Carlos</subfield>
      <subfield code="e">author</subfield>
   </datafield>
   <datafield ind2=" " ind1=" " tag="720">
      <subfield code="a">Fernández Ortiz, Antonio Ignacio</subfield>
      <subfield code="e">author</subfield>
   </datafield>
   <datafield ind2=" " ind1=" " tag="260">
      <subfield code="c">2013-02-01</subfield>
   </datafield>
   <datafield ind2=" " ind1=" " tag="520">
      <subfield code="a">Patients with hyperglycemia, an acute coronary syndrome and poor glycemic control have increased platelet reactivity and poor prognosis. However, it is unclear the influence of a tight glycemic control on platelet reactivity in these patients. This is a subanalysis of the CHIPS study. This trial randomized patients with hyperglycemia to undergo an intensive glucose control (target blood glucose 80-120 mg/dL), or conventional glucose control (target blood glucose &lt;180 mg/dL). We analyzed platelet function at discharge on the subgroup of patients with poor glycemic control, defined with admission levels of HbA1c higher than 6.5%. The primary endpoint was maximal platelet aggregation following stimuli with 20 μM ADP. We also measured aggregation following collagen, epinephrine, and thrombin receptor-activated peptide, as well as P2Y12 reactivity index and surface expression of glycoprotein IIb/IIIa and P-selectin. A total of 67 patients presented HbA1c ≥ 6.5% (37 intensive, 30 conventional), while 42 had HbA1c &lt; 6.5% (20 intensive, 22 conventional). There were no differences in baseline characteristics between groups. At discharge, patients with HbA1c ≥6.5% had significantly reduced MPA with intensive glucose control compared with conventional control (46.1 ± 22.3 vs. 60.4 ± 20.0%; p = 0.004). Similar findings were shown with other measures of platelet function. However, glucose control strategy did not affect platelet function parameters in patients with HbA1c &lt; 6.5%. Intensive glucose control in patients presenting with an acute coronary syndrome and hyperglycemia results in a reduction of platelet reactivity only in the presence of elevated HbA1c levels.</subfield>
   </datafield>
   <datafield ind1="8" ind2=" " tag="024">
      <subfield code="a">Vivas D, Garcia-Rubira JC, Bernardo E, Angiolillo DJ, Martín P, Calle-Pascual A, et al. Influence of HbA1c levels on platelet function profiles associated with tight glycemic control in patients presenting with hyperglycemia and an acute coronary syndrome. A subanalysis of the CHIPS Study ("Control de HIperglucemia y Actividad Plaquetaria en Pacientes con Síndrome Coronario Agudo"). J Thromb Thrombolysis. 2013;35:165-74</subfield>
   </datafield>
   <datafield ind1="8" ind2=" " tag="024">
      <subfield code="a">10.1007/s11239-012-0834-</subfield>
   </datafield>
   <datafield ind1="8" ind2=" " tag="024">
      <subfield code="a">0929-5305</subfield>
   </datafield>
   <datafield ind1="8" ind2=" " tag="024">
      <subfield code="a">https://hdl.handle.net/20.500.14352/99957</subfield>
   </datafield>
   <datafield ind1="8" ind2=" " tag="024">
      <subfield code="a">https://link.springer.com/article/10.1007/s11239-012-0834-3</subfield>
   </datafield>
   <datafield ind1="8" ind2=" " tag="024">
      <subfield code="a">23114538</subfield>
   </datafield>
   <datafield ind1="8" ind2=" " tag="024">
      <subfield code="a">https://pubmed.ncbi.nlm.nih.gov/23114538/</subfield>
   </datafield>
   <datafield ind2="0" ind1="0" tag="245">
      <subfield code="a">Influence of HbA1c levels on platelet function profiles associated with tight glycemic control in patients presenting with hyperglycemia and an acute coronary syndrome. A subanalysis of the CHIPS Study ("Control de HIperglucemia y Actividad Plaquetaria en Pacientes con Síndrome Coronario Agudo")</subfield>
   </datafield>
</record></metadata></record></GetRecord></OAI-PMH>